LIBRARY & INFORMATION CENTRE, KCAET, TAVANUR

ONLINE PUBLIC ACCESS CATALOGUE (OPAC)

Handbook of public relations / (Record no. 6869)

MARC details
000 -LEADER
fixed length control field 00409cam a2200157ua 4500
041 ## - LANGUAGE CODE
Language code of text/sound track or separate title eng
082 ## - DEWEY DECIMAL CLASSIFICATION NUMBER
Classification number 028.71659
Item number STE/HA
100 ## - MAIN ENTRY--AUTHOR NAME
Personal name Stephenson, Howard .
245 ## - TITLE STATEMENT
Title Handbook of public relations /
250 ## - EDITION STATEMENT
Edition statement 1 /
260 ## - PUBLICATION, DISTRIBUTION, ETC. (IMPRINT)
Place of publication New York :
Name of publisher McGraw Hill Book Company ,
Year of publication 1960.
300 ## - PHYSICAL DESCRIPTION
Number of Pages 855 ; .
942 ## - ADDED ENTRY ELEMENTS (KOHA)
Koha item type Books
Holdings
Withdrawn status Lost status Damaged status Home library Current library Date acquired Full call number Accession Number Koha item type
      KAUAET   07/04/2012 028.71659 542 Books
free website counter